Atlas ochorení GIT zobrazovacie metódy

Bibliographic Details
Main Authors: Bilický, Jozef (Author), Kadlečík, Rudolf, 1948- (Author), Líšková, Zuzana (Author), Poláček, Hubert, 1952- (Author), Jurgová, Tatiana, 1948- (Author), Javorka, Vladimír, 1963- (Author)
Format: Book
Language:Slovak
PhysicalDescription:320 s. fotogr. 24 cm
Published: Bratislava Veda 2015
ISBN:9788022414562
Subjects:

MARC

LEADER 00000cam a2200000 a 4500
001 vtls011469155
003 SK-MaSNL
005 20260301220026.0
008 240318s2015 xo o e 000 0 slo
015 |a SNBA2016/02 
020 |a 9788022414562  |q (brož.) 
035 |a 0D0E7C6C-8994-4477-8303-C582EBBFA0AC 
035 |a urn:nbn:sk:snk-amlcbv 
035 |a urn:nbn:sk:snk-am009153 
040 |a SNK  |b slo  |c SNK  |e AACR2 
041 0 |a slo 
044 |a xo  |c SK 
072 7 |a 616  |x Patológia. Klinická medicína  |2 konspekt 
080 |a 616.32/.37  |2 2001 
080 |a 616.1/.9  |2 2001 
080 |a 616-07  |2 2001 
080 |a (084.4)  |2 2011 
100 1 |a Bilický, Jozef  |4 aut  |9 7921 
245 1 0 |a Atlas ochorení GIT  |b zobrazovacie metódy  |c Jozef Bilický, Rudolf Kadlečík a kol. 
246 3 0 |a Zobrazovacie metódy 
260 |a Bratislava  |b Veda  |c 2015 
300 |a 320 s.  |b fotogr.  |c 24 cm 
650 0 7 |a gastroenterológia  |2 SNKPH  |9 1164 
650 0 7 |a Gastroenterology  |2 SNKPHeng  |9 267565 
650 0 7 |a choroby  |2 SNKPH  |9 837 
650 0 7 |a Diseases  |2 SNKPHeng  |9 292071 
650 0 7 |a Diagnostic methods  |2 SNKPHeng  |9 266259 
650 0 7 |a diagnostické metódy  |2 SNKPH  |9 71493 
655 7 |a atlasy  |2 SNKPH  |9 70424 
655 7 |a Atlases  |2 SNKPHeng  |9 280087 
700 1 |a Kadlečík, Rudolf,  |d 1948-  |4 aut  |9 243169 
700 1 |a Líšková, Zuzana  |4 aut  |9 348681 
700 1 |a Poláček, Hubert,  |d 1952-  |4 aut  |9 200678 
700 1 |a Jurgová, Tatiana,  |d 1948-  |4 aut  |9 12111 
700 1 |a Javorka, Vladimír,  |d 1963-  |4 aut  |9 191945 
852 |a Štátna vedecká knižnica v Banskej Bystrici 
919 |a 978-80-224-1456-2 
958 |a MI 
999 |c 930365  |d 932295 
952 |a SNK  |b SNK  |y PREZ  |7 0  |p 17A1178308  |o snkSC 167826  |i snk2016/2195  |8 0  |0 0  |1 0  |4 0  |d 2016-01-27  |f 1  |l 0  |r 2026-02-24 08:46:21  |w 2026-02-24 
952 |a SNK  |b SNK  |y VYP  |7 0  |p 17A1178309  |o snkSC 167826 D1  |i snk2016/2196  |8 0  |0 0  |1 0  |4 0  |d 2016-01-27  |l 0  |r 2026-02-24 08:46:21  |w 2026-02-24